Turning an environmental pollutant into an agricultural resource

The book discusses the utilization of sewage sludge which is an environmental pollutants as an organic fertilizer for upland rice and pechay. It also addresses the issuesof heavy metal accumulation and pathogenic contamination of sewage sludge - teated soils

Salvato in:
Dettagli Bibliografici
Autore principale: Ireno J Manguiat
Natura: Libro
Lingua:Undetermined
Pubblicazione: Los Bamos, Languna, Philippines SEAMEO SEARCA 1998
Soggetti:
Tags: Aggiungi Tag
Nessun Tag, puoi essere il primo ad aggiungerne! !
Thư viện lưu trữ: Trung tâm Học liệu Trường Đại học Cần Thơ
LEADER 00824nam a2200193Ia 4500
001 CTU_29219
008 210402s9999 xx 000 0 und d
082 |a 338.1 
082 |b M277 
100 |a Ireno J Manguiat 
245 0 |a Turning an environmental pollutant into an agricultural resource 
245 0 |c Ireno J Manguiat 
260 |a Los Bamos, Languna, Philippines 
260 |b SEAMEO SEARCA 
260 |c 1998 
520 |a The book discusses the utilization of sewage sludge which is an environmental pollutants as an organic fertilizer for upland rice and pechay. It also addresses the issuesof heavy metal accumulation and pathogenic contamination of sewage sludge - teated soils 
650 |a agriculture - economic aspects 
904 |i Minh, 990315 
980 |a Trung tâm Học liệu Trường Đại học Cần Thơ